Garden builder : (Record no. 308302)
[ view plain ]
| 000 -LEADER | |
|---|---|
| fixed length control field | 02219cam a22003138i 4500 |
| 005 - DATE AND TIME OF LATEST TRANSACTION | |
| control field | 20200320211410.0 |
| 008 - FIXED-LENGTH DATA ELEMENTS--GENERAL INFORMATION | |
| fixed length control field | 170831s2018 mnu b 001 0 eng |
| 020 ## - INTERNATIONAL STANDARD BOOK NUMBER | |
| International Standard Book Number | 9780760353936 (pb) |
| 040 ## - CATALOGING SOURCE | |
| Original cataloging agency | DLC |
| Language of cataloging | eng |
| Description conventions | rda |
| Transcribing agency | DLC |
| Modifying agency | MMLLC |
| 050 00 - LIBRARY OF CONGRESS CALL NUMBER | |
| Classification number | SB473.5 |
| Item number | .M68 2018 |
| 082 00 - DEWEY DECIMAL CLASSIFICATION NUMBER | |
| Classification number | 684.1/8 |
| Edition number | 23 |
| 100 1# - MAIN ENTRY--PERSONAL NAME | |
| Personal name | Moser, JoAnn, |
| Dates associated with a name | 1963- |
| Relator term | author. |
| 9 (RLIN) | 5968222 |
| 245 10 - TITLE STATEMENT | |
| Title | Garden builder : |
| Remainder of title | complete plans for creative outdoor projects you can build / |
| Statement of responsibility, etc | JoAnn Moser. |
| 264 #1 - Production, Publication, Distribution, Manufacture, and Copyright Notice. | |
| Place of production, publication, distribution, manufacture | Minneapolis, Minnesota : |
| Name of producer, publisher, distributor, manufacturer | Cool Springs Press, |
| Date of production, publication, distribution, manufacture, or copyr | [2018] |
| 264 #2 - Production, Publication, Distribution, Manufacture, and Copyright Notice. | |
| Place of production, publication, distribution, manufacture | Old Saybrook, Connecticut : |
| Name of producer, publisher, distributor, manufacturer | www.micromarketing.org |
| 300 ## - PHYSICAL DESCRIPTION | |
| Extent | pages cm |
| 336 ## - Content Type | |
| Content type term | text |
| 337 ## - Media type | |
| Media type term | unmediated |
| 338 ## - Carrier type | |
| Carrier type term | volume |
| 500 ## - GENERAL NOTE | |
| General note | [Typographic symbols and accents removed for systems compatibility.] |
| 504 ## - BIBLIOGRAPHY, ETC. NOTE | |
| Bibliography, etc | Includes bibliographical references and index. |
| 505 0# - FORMATTED CONTENTS NOTE | |
| Formatted contents note | section 1. Decorative elements -- Concrete and copper stake art -- Concrete and rebar cattails -- Copper trellis -- Deconstructed concrete gazing ball -- Faux rock cairn -- Fire cube, tower -- Bottle tree -- section 2. Small projects -- Bat house -- Garden obelisk -- Harvest boxes -- Kids' potting bench -- Tiered drying rack -- Vertical corner garden -- section 3. Planters & accessories -- Bee-friendly planter -- Collapsible grow-box, seed-starter -- geometric copper pot sleeve -- Infinity planter -- Kids' raised planter, salad bar -- Raised miniature garden, serving side table -- Terraced tub -- Threaded plant hanger -- section 4. Large projects -- Cabinet greenhouse -- Concrete leg bench -- Firewood rack -- Gardener's bench -- Pergola awning with integrated lighting -- Raised, modular, pest-proof vegetable garden -- Strawberry vault -- Terraced herb garden with integrated lattice -- Vertical harvest pantry -- Water tower. |
| 588 ## - | |
| -- | Title and description based on researched data; resource not viewed. |
| 650 #0 - SUBJECT ADDED ENTRY--TOPICAL TERM | |
| Topical term or geographic name as entry element | Garden ornaments and furniture |
| General subdivision | Design and construction |
| 9 (RLIN) | 101105 |
| 942 ## - ADDED ENTRY ELEMENTS (KOHA) | |
| Koha item type | BOOK |
| 948 ## - LOCAL PROCESSING INFORMATION (OCLC); SERIES PART DESIGNATOR (RLIN) | |
| Series part designator, SPT (RLIN) | 04/14/2018 |
| z (OCLC) | Sirsi |
| 949 ## - LOCAL PROCESSING INFORMATION (OCLC) | |
| n | www.MicroMarketing.org 800-229-9887 |
| 996 ## - | |
| -- | 149022 |
| -- | 34301001548041 |
| -- | NF |
| -- | bk |
| -- | wcl |
| -- | i |
| -- | 6 |
| -- | 24.99 |
| -- | micro |
| -- | 684.1 Mos |
| -- | 04/14/2018 |
| -- | 01/15/2019 |
| -- | 12/19/2018 |
| Withdrawn status | Lost status | Source of classification or shelving scheme | Damaged status | Not for loan | Collection code | Home library | Current library | Shelving location | Date acquired | Source of acquisition | Cost, normal purchase price | Total Checkouts | Total Renewals | Full call number | Barcode | Date last seen | Date checked out | Cost, replacement price | Price effective from | Koha item type |
|---|---|---|---|---|---|---|---|---|---|---|---|---|---|---|---|---|---|---|---|---|
| Dewey Decimal Classification | General NonFiction | Wasatch County Library | Wasatch County Library | Second Floor | 04/14/2018 | 24.99 | 11 | 2 | 684.1 Mos | 34301001548041 | 03/17/2025 | 03/03/2025 | 24.99 | 03/20/2020 | BOOK |
